Prácticas del lenguaje 1 /

Guardado en:
Autor Principal: Sarcone, Clara
Otros Autores: Sánchez, Karina
Formato: Libro
Publicado: Buenos Aires : Aique, 2010
Series:El mundo en tus manos
Materias:
Etiquetas: Agregar Etiqueta
Sin Etiquetas, Sea el primero en etiquetar este registro!
LEADER 01046nam a22002535a 4500
001 CEM.cems013436
005 20101029124825.0
008 130507s2010##################000#0#####d
003 CEMS
020 |a 9789870602811 
082 0 4 |a Z468 
100 1 |a Sarcone, Clara 
245 1 0 |a Prácticas del lenguaje 1 /  |c Coordinado Por Clara Sarcone y Karina Sánchez 
260 |a Buenos Aires :  |b Aique,  |c 2010 
300 |a 256 p. 
490 0 |a El mundo en tus manos 
500 |a Para nivel Educación Secundaria Básica 
505 0 |a La literatura, el estudio y la ciudadanía -- La leyenda -- El mito -- La poesía -- La fábula, el apólogo y la parábola -- El cuento moderno -- La novela -- El teatro -- El cuento de humor -- Estudio de la gramática y la normativa -- Antología -- Mundo de héroes, superhéroes y aventuras 
653 |a Lengua 
653 |a Lengua-educación secundaria básica 
653 |a Lengua-esb 
653 |a Lengua-1 esb 
700 1 |a Sánchez, Karina 
859 |a CEMS  |b BIB. CEMS - 11 de abril  |h Z468  |i Sa71  |p 26057.10  |t Ej.1  |v 1  |3 1